000 00196nam a2200085Ia 4500
008 180219s9999 xx 000 0 und d
100 _aReddy Jayprakash
245 0 _aMethods Of Teaching
260 _a"Aph
260 _cNew Delhi"
999 _c41400
_d41400